000 00722nam a2200229Ia 4500
003 GCL
008 140319s9999 xx 000 0 ara d
040 _aGCL /
_cGCL
082 0 4 _a730.92
_bس م
100 1 _aسعيد حامد الصدر
245 1 0 _aالمثال احمد عثمان حياته واعماله /
_cسعيد حامد الصدر
260 _a[S.N] :
_bالهيئة المصرية العامة للكتاب ،
_c1985
300 _a67 ص
490 _a
650 0 4 _aالفنون الجميلة
650 0 4 _aالفنانون
650 0 4 _aالفنون التشكيلية
650 0 4 _aالنحت المصرى
650 0 4 _aالتماثيل
650 0 4 _aاحمد عثمان
942 _2ddc
_cBK
999 _c55588
_d55588